| 000 | 00554nam a2200181 a 4500 | ||
|---|---|---|---|
| 005 | 20210223121528.0 | ||
| 008 | 991125s1976 mx 000 0 spa u | ||
| 035 | _aUPN01000019476 | ||
| 049 | _aCG | ||
| 050 | 4 |
_aHJ8515 _bG7.3 |
|
| 100 | 1 | _aGreen, María del Rosario | |
| 245 | 1 | 3 |
_aEl endeudamiento público externo de México 1940-1973 / _cRosario Green. |
| 260 |
_aMéxico : _bEl Colegio de México, _c1976. |
||
| 300 | _a231 p. | ||
| 440 | 0 |
_aCentro de Estudios Internacionales ; _v15 |
|
| 650 | 4 |
_aDEUDA EXTERIOR - _zMEXICO _915901 |
|
| 905 | _aLibro | ||
| 999 |
_c19476 _d19476 |
||